Catálogo de la Biblioteca Horacio González - Universidad Nacional de General Sarmiento

El eternauta y otros cuentos de ciencia ficción (Registro nro. 18520)

Detalles MARC
000 -CABECERA
campo de control de longitud fija 00888nam a22002770a 4500
001 - NÚMERO DE CONTROL
campo de control PT21253
003 - IDENTIFICADOR DEL NÚMERO DE CONTROL
campo de control AR-LpoUNG
005 - FECHA Y HORA DE LA ÚLTIMA TRANSACCIÓN
campo de control 20210131233001.0
008 - DATOS DE LONGITUD FIJA--INFORMACIÓN GENERAL
campo de control de longitud fija 191001s2004||||ag |||||||||||||||||spa d
020 ## - NÚMERO INTERNACIONAL ESTÁNDAR DEL LIBRO
Número Internacional Estándar del Libro 9505819137
Condiciones de disponibilidad $5
040 ## - FUENTE DE LA CATALOGACIÓN
Centro catalogador/agencia de origen AR-LpoUNG
Lengua de catalogación spa
Centro/agencia transcriptor AR-LpoUNG
Normas de descripción aacr
041 ## - CÓDIGO DE LENGUA
Código de lengua del texto/banda sonora o título independiente spa
044 ## - CÓDIGO DEL PAÍS DE LA ENTIDAD EDITORA/PRODUCTORA
Código MARC del país ag
082 0# - NÚMERO DE LA CLASIFICACIÓN DECIMAL DEWEY
Número de clasificación A863 28ete
100 1# - ENTRADA PRINCIPAL--NOMBRE DE PERSONA
Nombre de persona Oesterheld, Héctor Germán
245 13 - MENCIÓN DE TÍTULO
Título El eternauta y otros cuentos de ciencia ficción
250 ## - MENCIÓN DE EDICIÓN
Mención de edición 1ra. ed., 3ra. reimpr.
260 ## - PUBLICACIÓN, DISTRIBUCIÓN, ETC.
Lugar de publicación, distribución, etc. Buenos Aires :
Nombre del editor, distribuidor, etc. Colihue,
Fecha de publicación, distribución, etc. 2004.
300 ## - DESCRIPCIÓN FÍSICA
Extensión 236 p. :
Otras características físicas il.
520 ## - SUMARIO, ETC.
Sumario, etc. <p>Novela argentina que relata la nevada mortal sobre Buenos Aires y la posterior invasión extraterrestre. Completan el volumen algunos de los mejores relatos del autor de ciencia ficción.</p>
650 #4 - PUNTO DE ACCESO ADICIONAL DE MATERIA--TÉRMINO DE MATERIA
Término de materia o nombre geográfico como elemento de entrada ARGENTINA
650 #4 - PUNTO DE ACCESO ADICIONAL DE MATERIA--TÉRMINO DE MATERIA
Término de materia o nombre geográfico como elemento de entrada NOVELAS
653 ## - TÉRMINO DE INDIZACIÓN--NO CONTROLADO
Término no controlado CIENCIA FICCION
905 ## - ELEMENTOS DE DATOS E LOCAL, LDE (RLIN)
a 21253
942 ## - ELEMENTOS DE PUNTO DE ACCESO ADICIONAL (KOHA)
Tipo de ítem Koha Libro
Existencias
Estado de retiro Estado de pérdida Estado dañado No para préstamo Código de colección Localización permanente Ubicación/localización actual Fecha de adquisición Total de préstamos Signatura topográfica completa Código de barras Fecha visto por última vez Fecha del último préstamo Precio válido a partir de Tipo de ítem Koha
        Colección General Biblioteca Universidad Nacional de General Sarmiento Biblioteca Universidad Nacional de General Sarmiento 31/01/2021 5 A863 28ete 00023225 02/06/2026 21/05/2026 31/01/2021 Libro
        Colección General Biblioteca Universidad Nacional de General Sarmiento Biblioteca Universidad Nacional de General Sarmiento 31/01/2021   A863 28ete S00023224 31/01/2021   31/01/2021 Lectura en Sala